| 000 | 00573nam a2200181 i 4500 | ||
|---|---|---|---|
| 001 | 73535 | ||
| 003 | ES-MaACL | ||
| 005 | 20250902063058.0 | ||
| 007 | t| | ||
| 008 | 040908s1930 sp ||||1| spa d | ||
| 100 | 1 |
_aGómez Jaime, Alfredo, _d1878-1946 _957995 |
|
| 245 | 1 | 0 |
_aRosario lírico / _cAlfredo Gómez Jaime. |
| 260 |
_aVigo : _bNueva Prensa, _c1930. |
||
| 300 |
_a2 h., 128 p., 1 h., 8 p., 1 lam. ; _c21 cm. |
||
| 500 | _aLám. con retrato del autor. | ||
| 852 |
_aES-MaACL _jF-13709 _z.- Ded. ms. del autor a Jenaro Artiles |
||
| 999 |
_c73535 _d73535 |
||